CPWD works manual : (Record no. 136926)

MARC details
000 -LEADER
fixed length control field 00691nam a22002417a 4500
003 - CONTROL NUMBER IDENTIFIER
control field 0
005 - DATE AND TIME OF LATEST TRANSACTION
control field 20180723182556.0
008 - FIXED-LENGTH DATA ELEMENTS--GENERAL INFORMATION
fixed length control field 0
010 ## - LIBRARY OF CONGRESS CONTROL NUMBER
LC control number B-217211
020 ## - INTERNATIONAL STANDARD BOOK NUMBER
International Standard Book Number 8181940210
Terms of availability 300.00
035 ## - SYSTEM CONTROL NUMBER
System control number B-217211, B-217212
037 ## - SOURCE OF ACQUISITION
Source of stock number/acquisition Cen Lib / Ret
040 ## - CATALOGING SOURCE
Original cataloging agency DPL
Language of cataloging En
Transcribing agency 0
082 ## - DEWEY DECIMAL CLASSIFICATION NUMBER
Classification number 351.86
Item number JMJ
245 ## - TITLE STATEMENT
Title CPWD works manual :
Remainder of title updated & corrected september 2006 /
260 ## - PUBLICATION, DISTRIBUTION, ETC. (IMPRINT)
Place of publication, distribution, etc Delhi
Name of publisher, distributor, etc J.M. Jaina & Brothers
Date of publication, distribution, etc 2006
270 ## - ADDRESS
Address 3622, Mori Gate
City Delhi
Postal code 110006
300 ## - PHYSICAL DESCRIPTION
Extent xx, A-136p
Dimensions 27cm(PBK)
650 ## - SUBJECT ADDED ENTRY--TOPICAL TERM
Topical term or geographic name as entry element India. -- Central Public Works Department.
650 ## - SUBJECT ADDED ENTRY--TOPICAL TERM
Topical term or geographic name as entry element Public works -- India.
650 ## - SUBJECT ADDED ENTRY--TOPICAL TERM
Topical term or geographic name as entry element Public works.
942 ## - ADDED ENTRY ELEMENTS (KOHA)
Source of classification or shelving scheme Dewey Decimal Classification
Koha item type English Books
Classification part 351.86
Call number suffix JMJ
Holdings
Withdrawn status Lost status Damaged status Not for loan Home library Current library Date acquired Source of acquisition Cost, normal purchase price Total Checkouts Full call number Barcode Date last seen Copy number Cost, replacement price Price effective from Koha item type Source of classification or shelving scheme Collection code
        Central Library Central Library 11/03/2016 Cen Lib/Ret 300.00   351.86 JMJ B-217211 11/03/2016 1 300.00 11/03/2016 English Books    
        Patel Nagar Patel Nagar 23/07/2018 BPPD/PUB 300.00   351.86 JMJ B-217212 23/07/2018   300.00 23/07/2018 English Books Dewey Decimal Classification Non-fiction

© Delhi Public Library
Hit Counter
free hit counter